000 00633nam a22002057a 4500
999 _c61686
_d61686
005 20240417121107.0
008 240417s2008 enk||||| |||| 00| 0 eng d
020 _a9780781773973x
041 _aeng
080 _a616.8 B-89
100 _aBrowne, Thomas R.
_921829
245 _aHandbook of Epilepsy /
_cThomas R. Browne, Gregory L. Holmes.
250 _aFourth Edition
264 _aPhiladelphia :
_bWolters Kluwer,
_c2008.
300 _a278 p.:
_bill. ;
_c20 cm.
653 _aეპილეფსია
653 _aმედიცინა
700 _aHolmes, Gregory L.
_eავტორი
_921830
942 _2udc
_cBK